Ciudades de Asia-Pacífico en emojis - Estadísticas

Estadísticas generales
  • Esta prueba ha sido intentada 26 veces
  • La puntuación promedio es 20 de 32
Estadísticas de respuestas
Imagen Respuesta % Correcto
Bangkok
91%
Sídney
91%
Tokio
91%
Hiroshima
86%
Nueva Delhi
86%
Pekín
86%
Seúl
86%
Kioto
82%
Wuhan
82%
Calcuta
77%
Honolulu
77%
Shanghái
77%
Bombay
73%
Melbourne
73%
Singapur
73%
Wellington
68%
Bangalore
64%
Fukushima
64%
Hong Kong
64%
Macao
64%
Busan
59%
Auckland
50%
Sapporo
50%
Chengdú
45%
Vladivostok
45%
Adelaida
41%
Cantón
41%
Xi'an
41%
Chennai
36%
Lhasa
32%
Hyderabad
27%
Qingdao
23%
No se encontraron pruebas coincidentes
Distribución de puntuación
Porcentaje de gente con cada puntuación
Porcentaje por número respondido
Historial de tus puntuaciones
No has intentado esta prueba.